00538nam a2200181 a 45000010010000000030011000100080041000210350026000620820014000881000023001022450024001252600051001496500019002009420012002199520090002319980020003219990015003410000-9360ELIB.Books110520 1985  a(ELIB.Books)0000-9512 a248 bCol aColson, Charles W. aWho Speaks for God? bWheaton: Tyndale House Publishers, Inc. c1985 aChristian Life 2ddccBK 00102ddc4070aKBTSbKBTSd2011-05-20l0p8322r2022-01-22 00:00:00w2022-01-22yBK cbate2011-05-20 c9360d9360